Catálogo
 En Linea

Historia de las Fortificaciones en Nueva España. / (Registro nro. 41121)

Detalles MARC
000 -CABECERA
campo de control de longitud fija 00741nam a2200193 a 4500
001 - NÚMERO DE CONTROL
campo de control 000041631
005 - FECHA Y HORA DE LA ÚLTIMA TRANSACCIÓN
campo de control 20201002035657.0
008 - DATOS DE LONGITUD FIJA--INFORMACIÓN GENERAL
campo de control de longitud fija 131014s1984 sp abc 001 0 spa d
020 ## - NÚMERO INTERNACIONAL ESTÁNDAR DEL LIBRO
Número Internacional Estándar del Libro 8400055799
040 ## - FUENTE DE LA CATALOGACIÓN
Centro catalogador/agencia de origen DO-SdBNP
Lengua de catalogación spa
Centro/agencia transcriptor BNPHU
082 ## - NÚMERO DE LA CLASIFICACIÓN DECIMAL DEWEY
Número de clasificación xxxx
Número de documento/Ítem xxxx
100 1# - ENTRADA PRINCIPAL--NOMBRE DE PERSONA
Nombre de persona Calderon Quijano, José Antonio
9 (RLIN) 15455
245 10 - MENCIÓN DE TÍTULO
Título Historia de las Fortificaciones en Nueva España. /
Mención de responsabilidad, etc. José Antonio Calderon Quijano; prólogo D. Diego Angulo Iñiguez.
250 ## - MENCIÓN DE EDICIÓN
Mención de edición 2a. ed.
260 ## - PUBLICACIÓN, DISTRIBUCIÓN, ETC.
Lugar de publicación, distribución, etc. Madrid, :
Nombre del editor, distribuidor, etc. Gobierno del Estado de Veracruz
-- Consejo Superior de Investigaciones Científicas,
Fecha de publicación, distribución, etc. 1984.
300 ## - DESCRIPCIÓN FÍSICA
Extensión LXIX, 508 p. :
Otras características físicas il., mapa, retrs.
500 ## - NOTA GENERAL
Nota general Incluye índice de nombres y lugares
700 1# - PUNTO DE ACCESO ADICIONAL--NOMBRE DE PERSONA
Nombre de persona Angulo Iñiguez, D. Diego
Término indicativo de función/relación prol.
9 (RLIN) 68415
Existencias
Estado de retiro Estado de pérdida Restricciones de uso No para préstamo Código de colección Localización permanente Ubicación/localización actual Ubicación en estantería Fecha de adquisición Número de inventario Total de préstamos Signatura topográfica completa Código de barras Fecha visto por última vez Precio válido a partir de Tipo de ítem Koha
      Excluido de préstamo Monografías: Libros y Folletos General General En catalogación 14.10.2013 LF1   xxxx xxxx 41631-10 25.06.2020 25.06.2020 No se presta

Con tecnología Koha